000 00249nam a22000977a 4500
100 _aDoyle,Arthur Canan
_979801
245 _aThe Memoirs of Sherlock Holmes
260 _aDelhi
_bDeepali Publication
_c2016
650 _aChildren Book
_979802
942 _cBK
999 _c63387
_d63387